000 00337nam a2200157Ia 4500
100 _aAnderson Don
250 _a2
942 _cBK
654 _acomputer
245 _aPentium Processor Systems Architecture
260 _bAddison Wesly
_aMumbai
_c1995
082 _a4.165
_bAND
300 _a433
546 _aENGLISH
999 _c22046
_d22046